"B" Cities in the United States - Statistics

General Stats
  • This quiz has been taken 111 times
  • The average score is 11 of 18
Answer Stats
State Population Answer % Correct
Massachusetts 675,647 Boston
99%
Maryland 585,708 Baltimore
93%
Louisiana 227,470 Baton Rouge
91%
Alabama 200,733 Birmingham
90%
Idaho 235,684 Boise
89%
New York 278,349 Buffalo
83%
California 403,455 Bakersfield
76%
Montana 117,116 Billings
76%
Connecticut 148,654 Bridgeport
66%
Colorado 108,250 Boulder
62%
Texas 186,738 Brownsville
57%
Washington 151,854 Bellevue
55%
Oklahoma 113,540 Broken Arrow
43%
California 124,321 Berkeley
41%
California 107,337 Burbank
40%
Texas 115,282 Beaumont
37%
Massachusetts 105,643 Brockton
28%
Florida 114,626 Brandon
16%
No matching quizzes found
Score Distribution
Percent of People with Each Score
Percentile by Number Answered
Your Score History
You have not taken this quiz